| 000 | 00462nam a2200169Ia 4500 | ||
|---|---|---|---|
| 999 |
_c36 _d36 |
||
| 003 | OSt | ||
| 005 | 20210915101005.0 | ||
| 008 | 190216s9999||||xx |||||||||||||| ||und|| | ||
| 040 | _coclc | ||
| 082 |
_a892.78 _bSSA/Q |
||
| 100 |
_aSsabri, Abdul Fathahu _98782 |
||
| 245 | 0 |
_aAl Qiraathul Rashidah / _cAbdul Fathahu Ssabri |
|
| 260 | _bA Meridian Book, | ||
| 300 | _a127p | ||
| 650 | _aArabic | ||
| 942 |
_cBK _2ddc _h892.78 _iSSA/Q _k892.78 _mSSA/Q |
||